| 000 | 01024nam a22003017a 4500 | ||
|---|---|---|---|
| 003 | CHAP | ||
| 005 | 20220329133735.0 | ||
| 008 | 971013s1966 r 00010 d | ||
| 010 | _a10184 | ||
| 011 | _a11156 | ||
| 035 | _a10394 | ||
| 040 | _cCHAP | ||
| 090 | _aTesis | ||
| 100 | 0 | 0 |
_aCaballero Deloya, Miguel. _916549 |
| 245 | _aComparative study of two species of Mexican pine (Pinus pseudostrobus Lind. and Pinus montexumae Lamb.) based on seed and seedling characteristics | ||
| 260 |
_aRaleigh : _bThe autor, _c1966 |
||
| 300 |
_a142 h. _b; ilus |
||
| 502 | _aTesis (M. S. ) -- North Carolina State University. Dept. of Forest Management | ||
| 590 |
_aALEPH _b10 _c20130110 _lUCH01 _h1226 |
||
| 590 |
_aBATCH-UPD _b10 _c20130110 _lUCH01 _h1947 |
||
| 590 |
_aCONVERSION _b10 _c20130109 _lUCH01 _h1307 |
||
| 650 | 1 | 4 |
_aPinus montezumae. _988352 |
| 650 | 1 | 4 |
_aPinus pseudostrobus. _988361 |
| 901 | _aBK | ||
| 942 | _cFOLL | ||
| 949 |
_bBC _cTES _d-21942 _eTS1 _i10394 _si |
||
| 949 |
_bBC _cTES _d-21943 _eTS2 _fc.2 _i10394 _si |
||
| 999 |
_c10184 _d10184 |
||